000 00671cab a2200229 4500
001 WB3442-12
008 090401t1998 xxu||||| |||| 00| 0 eng d
035 _a(Sirsi) u89424
041 _aeng
245 _aAirport chaos
260 _c1998
350 _a0
490 _aObserver
_v1 November 1998, 7(2)
520 _aAsks whether regional airports have the capacity to relieve some of the traffic congestion at Heathrow and Gatwick. Passenger figures from major airports.
650 _aAIRPORTS
650 _aHEATHROW
650 _aREGIONAL AIRPORTS
650 _aTERMINAL 5
690 _aPROPERTY-COMMERCIAL PROPERTY
942 _n0
948 _c03/11/1998
999 _c56569
_d56569